000 00726nam a22002537a 4500
003 CHAP
005 20220329134822.0
008 971013s r 00010 d
010 _a26449
011 _a27421
035 _a31522
040 _cCHAP
090 _aR-566
100 0 0 _aKack, Leo Francis.
_962565
245 _aMosses of Baja California
500 _aSobretiro de : Revue Bryologique et Linchénologique. 19 (3-4) : 188-192, 1950
590 _aBATCH-UPD
_b10
_c20130110
_lUCH01
_h0130
590 _aBATCH-UPD
_b10
_c20130110
_lUCH01
_h1425
590 _aCONVERSION
_b10
_c20130109
_lUCH01
_h1315
650 1 4 _aMusgos.
_979880
901 _aBK
942 _cREIMP
949 _aR-566
_bBC
_cR
_d-72972
_eTS1
_i31522
_si
999 _c26449
_d26449